Art in craftmaking: basic methods : and materials /

Bibliographic Details
Main Author: Howlett, Carolyn S. (Carolyn Svrluga), 1914-2005
Format: Book
Language:English
Published: New York, Van Nostrand Reinhold [1974]
Subjects:

MARC

Tag First Indicator Second Indicator Subfields
LEADER 00000cam a2200000 4500
001 in00000095289
005 20230801142307.0
008 740116s1974 nyua b 001 0 eng
010 |a  78181442  
015 |a GB7430578  |2 bnb 
016 7 |a 001749860  |2 Uk 
019 |a 801709  |a 16282026  |a 1151941095 
020 |a 0442235593 
020 |a 9780442235598 
029 1 |a AU@  |b 000000088461 
029 1 |a AU@  |b 000021842890 
029 1 |a AU@  |b 000023854999 
029 1 |a NZ1  |b 3141987 
029 1 |a UKMGB  |b 001749860 
035 |a (OCoLC)ocm02780310  
035 |a (OCoLC)2780310  |z (OCoLC)801709  |z (OCoLC)16282026  |z (OCoLC)1151941095 
035 |a (OCoLC)ocm02780310  
037 |c 15.72 14.80 
040 |a DLC  |b eng  |c DLC  |d UKM  |d MCN  |d OG#  |d UKMGB  |d OCLCF  |d OCLCQ  |d ERR  |d YBM  |d OCLCO 
050 0 0 |a TT145  |b .H77 
082 0 0 |a 745.5 
100 1 |a Howlett, Carolyn S.  |q (Carolyn Svrluga),  |d 1914-2005. 
245 1 0 |a Art in craftmaking: basic methods :  |b and materials /  |c [by] Carolyn S. Howlett. 
260 |a New York,  |b Van Nostrand Reinhold  |c [1974] 
300 |a 176 pages  |b illustrations  |c 28 cm 
336 |a text  |b txt  |2 rdacontent 
337 |a unmediated  |b n  |2 rdamedia 
338 |a volume  |b nc  |2 rdacarrier 
504 |a Includes bibliographical references (pages 172-173). 
505 0 |a Looking at crafts -- Introduction to crafts -- Crafts of assemblage -- Assemblage: definition and processes -- Crafts of nature's castaways -- Crafts of man-made castaways -- Crafts of ready-mades -- Crafts of structured materials -- Structured materials: definition and processes -- Crafts of flexible materials: felt, leather, metal, paper -- Crafts of rigid materials: cork, plastic, wood -- Crafts of linear materials: raffia and reed, cord and rope, wire -- An evaluative view -- Towards appreciation of crafts. 
650 0 |a Handicraft. 
650 6 |a Artisanat. 
650 7 |a crafts (art genres)  |2 aat 
650 7 |a Handicraft.  |2 fast  |0 (OCoLC)fst00950959 
653 |a Handicrafts - Manuals 
948 |h HELD BY TXA - 267 OTHER HOLDINGS 
994 |a Z0  |b TXA 
999 f f |s 8835593a-3977-3f02-86ab-c701066a8830  |i 105bedb3-8794-318e-adc9-d711b9c511ed  |t 0 
952 f f |p ric  |a Texas A&M University  |b Rellis Campus  |c Joint Library Facility  |d Remote Storage  |t 0  |e TT145 .H77  |h Library of Congress classification  |i unmediated -- volume  |m A14805655734 
998 f f |a TT145 .H77  |t 0  |l Remote Storage